| 000 | 00722nam a2200193Ia 4500 | ||
|---|---|---|---|
| 003 | GCL | ||
| 005 | 20240530103918.0 | ||
| 008 | 140319s9999 xx 000 0 ara d | ||
| 040 |
_aGCL / _cGCL |
||
| 082 | 0 | 4 |
_a323.423 _bع ح |
| 100 | 1 | _aغزاريان، هورى | |
| 245 | 1 | 0 |
_aنبذة تاريخية موجزة : الجاليات الارمنية فى البلاد العربية : _bسورية - لبنان - العراق - فلسطين - الاردن - مصر / _cهورى غزاريان |
| 260 |
_aحلب : _bدار الحوار للنشر والتوزيع ، _c2000 |
||
| 300 |
_a239 ص. ؛ _c24 سم. |
||
| 650 | 0 | 4 | _aالارمن |
| 650 | 0 | 4 | _aالسياسة |
| 650 | 0 | 4 | _aالاقليات |
| 942 |
_2ddc _cBK |
||
| 999 |
_c43409 _d43409 |
||